Nghiên cứu đối sách phát triển kinh doanh sản nghiệp Thể dục thể thao tỉnh Đồng Tháp Luận án Tiến sĩ
Shranjeno v:
| Glavni avtor: | |
|---|---|
| Drugi avtorji: | |
| Format: | Luận văn Kit Knjiga |
| Jezik: | Vietnamese |
| Izdano: |
2015
|
| Teme: | |
| Oznake: |
Označite
Brez oznak, prvi označite!
|
| Thư viện lưu trữ: | Trung tâm Học liệu Lê Vũ Hùng, Trường Đại học Đồng Tháp |
|---|
| LEADER | 01042ppm a22003258a 4500 | ||
|---|---|---|---|
| 001 | 00033828 | ||
| 005 | 20171026081025.0 | ||
| 008 | 160119s2015 ||||||viesd | ||
| 041 | 0 | # | |a vie |
| 082 | 1 | 4 | |a 790.06 |b NGH305C |
| 100 | 1 | # | |a Lê, Thị Minh Đạo |
| 245 | 0 | 0 | |a Nghiên cứu đối sách phát triển kinh doanh sản nghiệp Thể dục thể thao tỉnh Đồng Tháp |b Luận án Tiến sĩ |c Lê Thị Minh Đạo; Huang Qian Ming (hướng dẫn) |
| 260 | # | # | |c 2015 |
| 300 | # | # | |a 119 tr. |c 30cm. |
| 653 | # | # | |a Kinh doanh |
| 653 | # | # | |a Câu lạc bộ |
| 653 | # | # | |a Luận án |
| 653 | # | # | |a Đồng Tháp |
| 653 | # | # | |a Thể dục thể thao |
| 653 | # | # | |a Phát triển |
| 700 | 1 | # | |a Huang, Qian Ming |e Hướng dẫn |
| 852 | # | # | |j LA.0000050 |
| 852 | # | # | |b Kho đọc SĐH |j LA.0000050 |
| 910 | |d 19/01/2016 | ||
| 980 | # | # | |a Trung tâm Học liệu Lê Vũ Hùng, Trường Đại học Đồng Tháp |